Fundamentals of statistical genetics (Record no. 396779)
[ view plain ]
| 000 -LEADER | |
|---|---|
| fixed length control field | 00701 a2200253 4500 |
| 005 - DATE & TIME | |
| control field | 20260313112151.0 |
| 008 - FIXED-LENGTH DATA ELEMENTS--GENERAL INFORMATION | |
| fixed length control field | 260312b |||||||| |||| 00| 0 eng d |
| 020 ## - ISBN | |
| International Standard Book Number | 9789366261140 |
| Price | Rs .950.00 |
| 040 ## - CATALOGING SOURCE | |
| Original cataloging agency | VIVEKANANDA LIBRARY |
| 082 ## - DDC NUMBER | |
| Classification number | 576.5072 |
| Book Number | S56F |
| 100 ## - MAIN ENTRY--PERSONAL NAME | |
| Personal name | Sandeep Kumar |
| 110 ## - MAIN ENTRY--CORPORATE NAME | |
| Corporate name | |
| 245 ## - TITLE STATEMENT | |
| Title | Fundamentals of statistical genetics |
| 260 ## - PUBLICATION, DISTRIBUTION, ETC. (IMPRINT) | |
| Name of publisher, distributor, etc | International Books and Periodical Supply Service |
| Date of publication, distribution, etc | 2025 |
| Place of publication, distribution, etc | Delhi |
| 300 ## - PHYSICAL DESCRIPTION | |
| Pages | xi, 111 |
| 650 ## - Subject | |
| Subject | Genetics |
| 650 ## - Subject | |
| Subject | Statistical Methods-Genetics |
| 650 ## - Subject | |
| Subject | Populations Genetics |
| 650 ## - Subject | |
| Subject | Bio Statistics |
| 700 ## - Added Entry Personal Name | |
| Added Entry Personal Name | Yadav, Abhinav |
| 700 ## - Added Entry Personal Name | |
| Added Entry Personal Name | Yadav, Sujit Kumar |
| 700 ## - Added Entry Personal Name | |
| Added Entry Personal Name | Sahoo, Bhaskar Chandra |
| 942 ## - ADDED ENTRY ELEMENTS (KOHA) | |
| Koha item type | Books |
| Withdrawn status | Lost status | Source of classification or shelving scheme | Damaged status | Not for loan | Location (home branch) | Sublocation or collection (holding branch) | Shelving location | Date acquired | Koha issues (times borrowed) | Koha full call number | Accession No. | Koha date last seen | Koha item type |
|---|---|---|---|---|---|---|---|---|---|---|---|---|---|
| Dewey Decimal Classification | VIVEKANANDA LIBRARY | VIVEKANANDA LIBRARY | Vivekananda Library | 17/02/2026 | 576.5072 S56F | 438307 | 17/02/2026 | Books |
